| 000 | 00458cam a2200193 4500 | ||
|---|---|---|---|
| 005 | 20260322212048.0 | ||
| 008 | data | ||
| 010 | _a74-83738 | ||
| 040 |
_aDNLM _cDNLM |
||
| 041 | 0 | 9 | _aeng |
| 060 | 0 | 0 |
_aHQ 12 _bB829s 1969 |
| 100 | 1 | _aBrecher, Edward M. | |
| 245 | 1 | 4 |
_aThe sex researchers/ _cEdward M. Brecher. |
| 250 | _a[1st ed.] | ||
| 260 |
_aBoston, _bLittle, Brown _c[c1969] |
||
| 300 | _axxiv, 354 p. | ||
| 650 | 2 |
_aSexual Behavior _xhistory |
|
| 001 | data | ||
| 999 |
_c1144 _d1144 |
||